| 000 | 00959cam a2200277 4500 | ||
|---|---|---|---|
| 001 | WS114293 | ||
| 008 | 010822n 000 0 eng u | ||
| 035 | _a(Sirsi) u114293 | ||
| 110 |
_aProperty Council of Australia _93603 |
||
| 245 | _aProperty Council of Australia | ||
| 520 | _aWeb site for this Australian commercial property organisation including details of its role in influencing public policy debates, property news, detailed statistics, the Australian Office Market Report and its journal 'Property'. | ||
| 650 | _aAUSTRALIA | ||
| 650 | _aINTERNATIONAL | ||
| 650 | _aORGANISATION | ||
| 650 | _aSTATISTICS | ||
| 650 | _aFINANCE | ||
| 650 | _aOCCUPANCY COSTS | ||
| 650 | _aRENTS | ||
| 650 | _aYIELDS | ||
| 650 | _aOFFICES | ||
| 650 | _aDEMOGRAPHICS | ||
| 650 | _aTAX | ||
| 690 | _aPROPERTY-COMMERCIAL PROPERTY | ||
| 856 | 4 | 0 |
_uhttps://www.propertyoz.com.au _zView the website free of charge at www.propertyoz.com.au... |
| 942 | _n0 | ||
| 999 |
_c119866 _d119866 |
||